| Tag |
First Indicator |
Second Indicator |
Subfields |
| LEADER |
00000cam a2200000 a 4500 |
| 001 |
in00001353049 |
| 005 |
20151006060543.0 |
| 008 |
960409s1997 enk 000 1 eng |
| 010 |
|
|
|a 96008215
|
| 020 |
|
|
|a 0714530158
|
| 035 |
|
|
|a (OCoLC)34576675
|
| 035 |
|
|
|9 AHG1078AM
|
| 040 |
|
|
|a DLC
|c DLC
|d C#P
|d TXA
|d UtOrBLW
|
| 043 |
|
|
|a s-gy---
|
| 049 |
|
|
|a TXAM
|
| 050 |
0 |
0 |
|a PR9320.9.H4
|b M56 1997
|
| 082 |
0 |
0 |
|a 813
|2 20
|
| 100 |
1 |
|
|a Heath, Roy A. K.
|
| 245 |
1 |
4 |
|a The ministry of hope :
|b a novel /
|c Roy Heath.
|
| 264 |
|
1 |
|a London ;
|a New York :
|b Marion Boyars,
|c 1997.
|
| 300 |
|
|
|a 320 pages ;
|c 22 cm.
|
| 336 |
|
|
|a text
|b txt
|2 rdacontent
|
| 337 |
|
|
|a unmediated
|b n
|2 rdamedia
|
| 338 |
|
|
|a volume
|b nc
|2 rdacarrier
|
| 650 |
|
0 |
|a City and town life
|z Guyana
|x Fiction.
|
| 650 |
|
0 |
|a Antique dealers
|z Guyana
|x Fiction.
|
| 650 |
|
0 |
|a Poor
|z Guyana
|x Fiction.
|
| 655 |
|
7 |
|a Humorous fiction.
|2 gsafd
|
| 999 |
|
|
|a MARS
|
| 999 |
f |
f |
|s 108c882a-c2af-3499-8b05-032263324655
|i a735206a-211b-33b0-bcdb-54ed954ecf8c
|t 0
|
| 952 |
f |
f |
|p ric
|a Texas A&M University
|b Rellis Campus
|c Joint Library Facility
|d Remote Storage
|t 0
|e PR9320.9.H4 M56 1997
|h Library of Congress classification
|i unmediated -- volume
|m A14820805273
|
| 998 |
f |
f |
|a PR9320.9.H4 M56 1997
|t 0
|l Remote Storage
|